000
00264nam a2200109Ia 4500
008
230320s9999||||xx |||||||||||||| ||spa||
082
_a
301.1/S68S
100
_a
Sorokin, Pitirim
245
0
_a
Sociedad, Cultura Y Personalidad
260
_b
Aguilar
942
_8
0
_c
LIB
999
_c
27979
_d
27979